LEADER 04653nam 2200625 a 450 001 9910778692003321 005 20200520144314.0 010 $a1-282-39910-1 010 $a9786612399107 010 $a90-474-4207-5 024 7 $a10.1163/ej.9789004167520.I-441 035 $a(CKB)1000000000821869 035 $a(EBL)468297 035 $a(OCoLC)627164646 035 $a(SSID)ssj0000340280 035 $a(PQKBManifestationID)11274428 035 $a(PQKBTitleCode)TC0000340280 035 $a(PQKBWorkID)10388234 035 $a(PQKB)10433043 035 $a(MiAaPQ)EBC468297 035 $a(OCoLC)224441841 035 $a(nllekb)BRILL9789047442073 035 $a(Au-PeEL)EBL468297 035 $a(CaPaEBR)ebr10363832 035 $a(CaONFJC)MIL239910 035 $a(PPN)184923905 035 $a(EXLCZ)991000000000821869 100 $a20080331d2008 uy 0 101 0 $aeng 135 $aur|n|---||||| 181 $ctxt 182 $cc 183 $acr 200 00$aMedieval commentaries on Aristotle's Categories$b[electronic resource] /$fedited by Lloyd A. Newton 210 $aLeiden ;$aBoston $cBrill$d2008 215 $a1 online resource (449 p.) 225 1 $aBrill's companions to the Christian tradition,$x1871-6377 ;$vv. 10 300 $aDescription based upon print version of record. 311 $a90-04-16752-8 320 $aIncludes bibliographical references (p. [411]-427) and index. 327 $tPreliminary Material /$rL. Newton -- $tIntroduction - The importance of medieval commentaries on Aristotle?s categories /$rLloyd A. Newton -- $tThe medieval posterity of Simplicius ?commentary on the categories:Thomas Aquinas and Al-F?r?b? /$rMichael Chase -- $tAvicenna the commentator /$rAllan Bäck -- $tAlbertus Magnus on the subject of Aristotle?s categories /$rBruno Tremblay -- $tInterconnected literal commentaries on the categories in the middle ages /$rRobert Andrews -- $tThomas Aquinas on establishing the identity of Aristotle?s categories /$rPaul Symington -- $tReading Aristotle?s categories as an introduction to logic: Later medieval discussions about its place in the aristotelian corpus /$rGiorgio Pini -- $tSimon of Faversham on Aristotle?s categories and the scientia praedicamentorum /$rMartin Pickavé -- $tDuns Scotus ?s account of a propter quid science of the categories /$rLloyd A. Newton -- $tFine-tuning Pini ?s reading of Scotus ?s categories commentary /$rTodd Bates -- $tHow is Scotus?s logic related to his metaphysics? A reply to Todd Bates /$rGiorgio Pini -- $tJohn Buridan : On Aristotle?s categories /$rAlexander W. Hall -- $tA realist interpretation of the categories in the fourteenth century:The Litteralis Sententia Super Praedicamenta Aristotelis of Robert Alyngton /$rAlessandro D. Conti -- $tThomas Maulevelt?s denial of substance /$rRobert Andrews -- $tQuaestiones Super Veteri Arte Ff. 1ra?145vb Quaestiones Super Praedicamenta Erfurt Sb Ampl. Q 288 (XIV) Ff. 43rb?145vb /$rThomas Maulevelt -- $tCategories And universals in the later Middle Ages /$rAlessandro D. Conti -- $tBibliography /$rL. Newton -- $tList of contributors /$rL. Newton -- $tIndex /$rL. Newton. 330 $aMedieval commentary writing has often been described as a way of \'doing philosophy,\' and not without reason. The various commentaries on Aristotle's Categories we have from this period did not simply elaborate a dialectical exercise for training students; rather, they provided their authors with an unparalleled opportunity to work through crucial philosophical problems, many of which remain with us today. As such, this unique commentary tradition is important not only in its own right, but also to the history and development of philosophy as a whole. The contributors to this volume take a fresh look at it, examining a wide range of medieval commentators, from Simplicius to John Wyclif, and discussing such issues as the compatibility of Platonism with Aristotelianism; the influence of Avicenna; the relationship between grammar, logic, and metaphysics; the number of the categories; the status of the categories as a science realism vs. nominalism; and the relationship between categories. 410 0$aBrill's companions to the Christian tradition ;$vv. 10. 606 $aCategories (Philosophy) 615 0$aCategories (Philosophy) 676 $a160 676 $a189 701 $aNewton$b Lloyd A$01570587 801 0$bMiAaPQ 801 1$bMiAaPQ 801 2$bMiAaPQ 906 $aBOOK 912 $a9910778692003321 996 $aMedieval commentaries on Aristotle's Categories$93844332 997 $aUNINA LEADER 01249cam0-22004211i-450 001 990004083030403321 005 20240731114258.0 035 $aFED01000408303 035 $a(Aleph)000408303FED01 100 $a20110208d1987----km-y0itay50------ba 101 0 $aita 102 $aIT 105 $ay-------000zy 200 1 $aDella moneta$fFerdinando Galiani$gcon un'introduzione di Giuseppe Di Nardi 210 $aNapoli$cBanco di Napoli$d1987 215 $aXIX 328 p.$d24 cm 300 $aEdizione speciale per il bicentenario della morte dell'autore 453 0$1001000451148 610 0 $aEconomia finanziaria 610 0 $aMoneta$aTeorie 676 $a332.401 676 $a330.15$v20$zita 676 $a332 700 1$aGaliani,$bFerdinando$f<1728-1787>$067905 702 1$aDi Nardi,$bGiuseppe$f<1911-1992> 801 0$aIT$bUNINA$gRICA$2UNIMARC 901 $aBK 912 $a990004083030403321 952 $a330.15 GAL 2 (1)$bDFM.2832$fFLFBC 952 $aB 6072 BIS$bS.I.$fFLFBC 952 $aXV B 579$b19528$fFGBC 952 $a60 332 GALF 1987-1$b1430$fFAGBC 952 $aDAM C20 GALF 02$b2024/2992$fFLFBC 959 $aFLFBC 959 $aFGBC 959 $aFAGBC 996 $aDella moneta$988554 997 $aUNINA LEADER 04371nam 2200589K 450 001 9910557424403321 005 20240801172527.0 010 $a9780262354998 010 $a0262354993 010 $a9780262354981 010 $a0262354985 035 $a(CKB)4100000008953369 035 $a(MiAaPQ)EBC5847424 035 $a(OCoLC)1099681277 035 $a(OCoLC-P)1099681277 035 $a(MaCbMITP)12136 035 $a(oapen)https://directory.doabooks.org/handle/20.500.12854/78570 035 $a(PPN)238417875 035 $a(FR-PaCSA)88872607 035 $a(FRCYB88872607)88872607 035 $a(oapen)doab78570 035 $a(EXLCZ)994100000008953369 100 $a20190502d2019 uy 0 101 0 $aeng 135 $aurcnu|||||||| 181 $ctxt$2rdacontent 182 $cc$2rdamedia 183 $acr$2rdacarrier 200 10$aBridging silos $ecollaborating for environmental health and justice in urban communities /$fKatrina Smith Korfmacher 210 $aCambridge$cThe MIT Press$d2019 210 1$aCambridge :$cMIT Press,$d2019. 215 $a1 online resource (377 pages) 225 1 $aUrban and industrial environments 311 08$a9780262537568 311 08$a0262537567 320 $aIncludes bibliographical references and index. 327 $aChanging local systems to promote environmental health and justice -- Standing silos : a brief history of public health and environmental management -- Building bridges : systems approaches to local environmental health problems -- The coalition to prevent lead poisoning : promoting primary prevention in Rochester, NY -- Healthy Duluth : toward equity in the built environment -- The impact project : trade, health, and environment around southern California's ports -- Local environmental health initiatives : the impacts of collaboration -- The promise of local environmental health initiatives. 330 $aHow communities can collaborate across systems and sectors to address environmental health disparities; with case studies from Rochester, New York; Duluth, Minnesota; and Southern California. Low-income and marginalized urban communities often suffer disproportionate exposure to environmental hazards, leaving residents vulnerable to associated health problems. Community groups, academics, environmental justice advocates, government agencies, and others have worked to address these issues, building coalitions at the local level to change the policies and systems that create environmental health inequities. In Bridging Silos, Katrina Smith Korfmacher examines ways that communities can collaborate across systems and sectors to address environmental health disparities, with in-depth studies of three efforts to address long-standing environmental health issues: childhood lead poisoning in Rochester, New York; unhealthy built environments in Duluth, Minnesota; and pollution related to commercial ports and international trade in Southern California. All three efforts were locally initiated, driven by local stakeholders, and each addressed issues long known to the community by reframing an old problem in a new way. These local efforts leveraged resources to impact community change by focusing on inequities in environmental health, bringing diverse kinds of knowledge to bear, and forging new connections among existing community, academic, and government groups. Korfmacher explains how the once integrated environmental and public health management systems had become separated into self-contained ?silos,? and compares current efforts to bridge these separations to the development of ecosystem management in the 1990s. Community groups, government agencies, academic institutions, and private institutions each have a role to play, but collaborating effectively requires stakeholders to appreciate their partners' diverse incentives, capacities, and constraints. 410 0$aUrban and industrial environments. 606 $aEnvironmental health$zUnited States 606 $aPublic health$zUnited States 607 $aUnited States 615 0$aEnvironmental health 615 0$aPublic health 676 $a362.1/042 700 $aKorfmacher$b Katrina Smith$01220243 801 0$bOCoLC-P 801 1$bOCoLC-P 906 $aBOOK 912 $a9910557424403321 996 $aBridging silos$93397918 997 $aUNINA